000 00354nam a2200145Ia 4500
003 OSt
005 20240307121144.0
008 170523s9999 xx 000 0 und d
020 _a978-8126518784
040 _cIIMTU
100 _aMITTAL - AGARWAL
245 0 _aELEMENTARY MECHANICAL & CIVIL ENGINEERING(HINDI)
260 _aASIAN PUB
942 _2ddc
_c02
999 _c11323
_d11323